Home exclusion zones (Record no. 67090)

MARC details
000 -LEADER
fixed length control field 01115cam a2200229 4500
001 - CONTROL NUMBER
control field ABS63992
008 - FIXED-LENGTH DATA ELEMENTS--GENERAL INFORMATION
fixed length control field 000000n2001 000 0 eng u
035 ## - SYSTEM CONTROL NUMBER
System control number (Sirsi) u112699
100 ## - MAIN ENTRY--PERSONAL NAME
Personal name Slater, J
245 ## - TITLE STATEMENT
Title Home exclusion zones
260 ## - PUBLICATION, DISTRIBUTION, ETC.
Date of publication, distribution, etc. 2001
490 ## - SERIES STATEMENT
Series statement Architects' Journal
Volume/sequential designation 213(19) 17 May 2001, 34(1)
520 ## - SUMMARY, ETC.
Summary, etc. Argues that the drive to address declining communities has excluded people in need from the social housing sector. Government initiatives such as the Social Exclusion Unit and antisocial behaviour orders (ASBOs) target undesirable tenants, who are often the more vulnerable members of communities. The evicted tenants will either end up homeless or in poor quality hostel accommodation, while the social housing properties lie empty. Concludes that regenerating communities should not only focus on redesigning areas with model citizens.
590 ## - LOCAL NOTE (RLIN)
Local note ABS
650 ## - SUBJECT ADDED ENTRY--TOPICAL TERM
Topical term or geographic name entry element SOCIAL EXCLUSION
650 ## - SUBJECT ADDED ENTRY--TOPICAL TERM
Topical term or geographic name entry element SOCIAL HOUSING
650 ## - SUBJECT ADDED ENTRY--TOPICAL TERM
Topical term or geographic name entry element ANTI-SOCIAL BEHAVIOUR ORDERS
650 ## - SUBJECT ADDED ENTRY--TOPICAL TERM
Topical term or geographic name entry element REGENERATION
650 ## - SUBJECT ADDED ENTRY--TOPICAL TERM
Topical term or geographic name entry element HOUSING SUPPLY
690 ## - LOCAL SUBJECT ADDED ENTRY--TOPICAL TERM (OCLC, RLIN)
Topical term or geographic name as entry element Affordable housing
9 (RLIN) 6215
942 ## - ADDED ENTRY ELEMENTS (KOHA)
Suppress in OPAC 0
Holdings
Withdrawn status Lost status Source of classification or shelving scheme Damaged status Not for loan Home library Current library Shelving location Date acquired Total Checkouts Full call number Barcode Date last seen Copy number Price effective from Koha item type
    Dewey Decimal Classification     London London Journal article 22/05/2001   ABS63992 112699-1001 06/08/2019 1 06/08/2019 Journal article